| 000 | 00542nam a22001937a 4500 | ||
|---|---|---|---|
| 999 |
_c6690 _d6690 |
||
| 003 | OSt | ||
| 005 | 20200302155336.0 | ||
| 008 | 200302b ||||| |||| 00| 0 eng d | ||
| 020 | _a9781412929752 | ||
| 040 | _cDDC. | ||
| 082 | _a150 MAI 2010 | ||
| 100 |
_aMalo,R.Gregory;Haddock,Geoffrey; _913755 |
||
| 245 | _aThe Psychology of attitudes and attitudes change. | ||
| 260 |
_aLos angeles. _bSage; _c2010 |
||
| 300 |
_axii,276p; _bill; _c26cm. |
||
| 504 | _aincludes references and index. | ||
| 650 |
_aPsychology. _931 |
||
| 942 |
_2ddc _cO_SHELF |
||